آموزش آرامش به کودکان به منظور آماده کردنشان برای آینده / (Record no. 541836)
[ view plain ]
| 000 -LEADER | |
|---|---|
| fixed length control field | 01429nam a2200229 a 4500 |
| 003 - CONTROL NUMBER IDENTIFIER | |
| control field | AM-YEHGA |
| 005 - DATE AND TIME OF LATEST TRANSACTION | |
| control field | 20260403152019.0 |
| 008 - FIXED-LENGTH DATA ELEMENTS--GENERAL INFORMATION | |
| fixed length control field | 260303s1991 ir a||||r|||| 00||0 per d |
| 040 ## - CATALOGING SOURCE | |
| Original cataloging agency | AM-YEHGA |
| 041 1# - LANGUAGE CODE | |
| Language code of text/sound track or separate title | per |
| 001 - CONTROL NUMBER | |
| control field | 2052451 |
| 100 1# - MAIN ENTRY--PERSONAL NAME | |
| Personal name | داورو، ایو |
| Titles and words associated with a name | Yves-Vincent Davroux |
| 245 10 - TITLE STATEMENT | |
| Title | آموزش آرامش به کودکان به منظور آماده کردنشان برای آینده / |
| Statement of responsibility, etc. | دکتر ایو داورو ; ترجمۀ دکتر زهرا وثوق. |
| 246 31 - VARYING FORM OF TITLE | |
| Title proper/short title | Teaching Children to be calm to prepare them for the future |
| 260 ## - PUBLICATION, DISTRIBUTION, ETC. | |
| Place of publication, distribution, etc. | تهران : |
| Name of publisher, distributor, etc. | شرکت انتشارات چاپخش, |
| Date of publication, distribution, etc. | 1991 [1370]. |
| 300 ## - PHYSICAL DESCRIPTION | |
| Extent | 187 P. ; |
| Other physical details | ill. |
| 440 #0 - SERIES STATEMENT/ADDED ENTRY--TITLE | |
| Title | روانشناسی تربیتی ; |
| Number of part/section of a work | ۴ |
| 650 14 - SUBJECT ADDED ENTRY--TOPICAL TERM | |
| Topical term or geographic name entry element | Psychology |
| 650 14 - SUBJECT ADDED ENTRY--TOPICAL TERM | |
| Topical term or geographic name entry element | Child psychology |
| 700 1# - ADDED ENTRY--PERSONAL NAME | |
| Personal name | وثوق، زهرا |
| Relationship | trl |
| 942 ## - ADDED ENTRY ELEMENTS (KOHA) | |
| Source of classification or shelving scheme | Universal Decimal Classification |
| Koha item type | Գրքեր / Books |
| Withdrawn status | Lost status | Source of classification or shelving scheme | Damaged status | Not for loan | Collection | Home library | Current library | Date acquired | Total checkouts | Full call number | Barcode | Date last seen | Price effective from | Koha item type | Public note |
|---|---|---|---|---|---|---|---|---|---|---|---|---|---|---|---|
| Universal Decimal Classification | Fundamental Scientific Library | Fundamental Scientific Library | 03/03/2026 | ԱՍՀ/224 | FL0703682 | 03/03/2026 | 03/03/2026 | Գրքեր / Books | ILL Non-Circ. |
ՀՀ Գիտությունների ազգային ակադեմիայի հիմնարար գիտական գրադարան = Fundamental Scientific Library of NAS RA
All site content, except where otherwise noted, is licensed under a